01026nam a2200193 i 450000100060000000300090000600500170001500700030003200800410003510000500007624503250012626000710045130000210052270000410054371000570058485200460064199900170068795201280070479761ES-MaACL20240419213206.0t|041025s1912 sp ||||1| spa d1 aHerrero y Sánchez, José Joaquín.96326910aTres músicos españoles b: Juan del Encina, Lucas Fernández, Manuel Doyagüe y la cultura artística de su tiempo : discurso leído ante la Real Academia de Bellas Artes de San Fernando en la recepción pública / cpor José Joaquín Herrero ; contestación de Cecilio Roda López el 23 de junio de 1912. aMadrid : b[s.n.], c1912 (fTip. Artística de Suárez y Abbad) a94 p. ; c25 cm.1 aRoda, Cecilio de,d1865-191292271582 aReal Academia de Bellas Artes de San Fernando.96291 aES-MaACLjL-4912(20-5) z.- Donativo Roda c79761d79761 00104070aATENEOMbATENEOMcDEPO2d2008-01-17eDONl0oL-4912(20-5)p1083401r2023-02-23 00:00:00w2023-02-23yMONOGRAFIA